00983nam a2200277 i 4500001001000000003000900010005001700019007000300036008004100039020001500080040003000095082002700125100004000152245006800192264003600260300002800296336002700324337003300351338002800384490002800412500007300440650002300513651003700536651006600573651006600639000024309DO-SdBNP20250502093253.0ta110126s1984 dr 000 0 spa d a8484000125 aDO-SdBNPbspacBNPHUerda 4a327.7307293bM671r2221 aMir, Pedro,d1913-2000eautor4aut.14aLas raíces dominicanas de la doctrina de Monroe /cPedro Mir. 1aSanto Domingo :bTaller,c1984. a107 páginas ;c23 cm. atextobtxt2rdacontent asin mediaciónbn2rdamedia avolumenbnc2rdacarrier1 aBiblioteca Taller ;v43 aIncluye referencias bibliográficas y notas al pie de las páginas 4aDoctrina de monroe 4aRepública DominicanaxHistoria 4aRepública DominicanaxRelaciones exterioreszEstados Unidos 4aEstados UnidosxRelaciones exterioreszRepública Dominicana